LEADER 03497nam 2200781 a 450 001 9910967920903321 005 20251117084442.0 010 $a9783110810141 010 $a311081014X 024 7 $a10.1515/9783110810141 035 $a(CKB)2670000000235187 035 $a(EBL)3040635 035 $a(SSID)ssj0000559745 035 $a(PQKBManifestationID)11358911 035 $a(PQKBTitleCode)TC0000559745 035 $a(PQKBWorkID)10570111 035 $a(PQKB)10572647 035 $a(MiAaPQ)EBC3040635 035 $a(WaSeSS)Ind00013455 035 $a(DE-B1597)42395 035 $a(OCoLC)952772607 035 $a(OCoLC)979603449 035 $a(DE-B1597)9783110810141 035 $a(Au-PeEL)EBL3040635 035 $a(CaPaEBR)ebr10588483 035 $a(CaONFJC)MIL558693 035 $a(OCoLC)922943592 035 $a(Perlego)653293 035 $a(iGPub)CSPLUS0034115 035 $a(EXLCZ)992670000000235187 100 $a19980421d1998 uy 0 101 0 $aeng 135 $aurnn#---|u||r 181 $ctxt 182 $cc 183 $acr 200 10$aExtended axiomatic linguistics /$fby James Dickins 205 $aReprint 2011 210 $aBerlin ;$aNew York $cMouton de Gruyter$d1998 215 $a1 online resource (507 p.) 225 0 $aTrends in Linguistics. Studies and Monographs [TiLSM] ;$v111 300 $aDescription based upon print version of record. 311 0 $a9783110160864 311 0 $a3110160862 320 $aIncludes bibliographical references and indexes. 327 $tFront matter --$tAcknowledgements --$tFigures --$tChapter One Introduction: the general context --$tChapter Two Standard axiomatic functionalism --$tChapter Three Extended axiomatic functionalism --$tChapter Four Signum-ontological implications --$tChapter Five Canonicality and figures of speech --$tChapter Six Wider implications --$tAppendix: Provisional postulates for extended axiomatic functionalism --$tNotes --$tReferences --$tIndex to the provisional postulates for extended axiomatic functionalism --$tIndex of names --$tSubject index --$tBack matter 330 $aThe series publishes state-of-the-art work on core areas of linguistics across theoretical frameworks as well as studies that provide new insights by building bridges to neighbouring fields such as neuroscience and cognitive science. The series considers itself a forum for cutting-edge research based on solid empirical data on language in its various manifestations, including sign languages. It regards linguistic variation in its synchronic and diachronic dimensions as well as in its social contexts as important sources of insight for a better understanding of the design of linguistic systems and the ecology and evolution of language. 410 0$aTrends in Linguistics : Studies and Monographs [TiLSM] 606 $aLinguistics$xPhilosophy 606 $aFunctionalism (Linguistics) 606 $aSemiotics 606 $aSemantics 606 $aLinguistic analysis (Linguistics) 615 0$aLinguistics$xPhilosophy. 615 0$aFunctionalism (Linguistics) 615 0$aSemiotics. 615 0$aSemantics. 615 0$aLinguistic analysis (Linguistics) 676 $a401 686 $aET 180$2rvk 700 $aDickins$b J$g(James)$0472633 801 0$bMiAaPQ 801 1$bMiAaPQ 801 2$bMiAaPQ 906 $aBOOK 912 $a9910967920903321 996 $aExtended axiomatic linguistics$94551328 997 $aUNINA